Library Banner

World orders aur Pakistan (Urdu) (Record no. 41705)

MARC details
000 -LEADER
fixed length control field 00472nam a2200181Ia 4500
001 - CONTROL NUMBER
control field 43704
008 - FIXED-LENGTH DATA ELEMENTS--GENERAL INFORMATION
fixed length control field 140425s9999 xx 000 0 und d
020 ## - INTERNATIONAL STANDARD BOOK NUMBER
International Standard Book Number NA
040 ## - CATALOGING SOURCE
Transcribing agency PK-LaUMT
082 ## - DEWEY DECIMAL CLASSIFICATION NUMBER
Classification number RHC 327.5491073
Item number ABD-W
100 ## - MAIN ENTRY--PERSONAL NAME
Personal name Abdur Rasheed Arshad
245 ## - TITLE STATEMENT
Title World orders aur Pakistan (Urdu)
Statement of responsibility, etc Abdur Rasheed Arshad
260 ## - PUBLICATION, DISTRIBUTION, ETC. (IMPRINT)
Place of publication, distribution, etc Joharabad,Pakistan:
Name of publisher, distributor, etc Al-Noor Trust,
Date of publication, distribution, etc 2004
300 ## - PHYSICAL DESCRIPTION
Extent 187 p.
546 ## - LANGUAGE NOTE
Language note UR
650 ## - SUBJECT ADDED ENTRY--TOPICAL TERM
Topical term or geographic name as entry element World order America
942 ## - ADDED ENTRY ELEMENTS (KOHA)
Koha item type Books
Holdings
Withdrawn status Lost status Damaged status Not for loan Home library Current library Date acquired Total Checkouts Full call number Barcode Date last seen Date checked out Price effective from Koha item type
        UMT Main Campus UMT Main Campus 2014-04-25 1 RHC 327.5491073 ABD-W 47220 2018-02-28 2017-10-03 2014-05-06 Books